| 000 | 00403nam a2200133Ia 4500 | ||
|---|---|---|---|
| 008 | 191014s9999 xx 000 0 und d | ||
| 020 | _a978-0-9755860-5-1 | ||
| 082 |
_a920 _bDIL |
||
| 100 |
_aAnwar Dil _9360 |
||
| 245 | 0 | _aScience for Peace and Progress Life and Work of Abdus Salam | |
| 260 |
_aIslamabad _bIntercultural Forum Takshila Research University _c2008 |
||
| 300 | _aPeg,668 | ||
| 942 | _cBK | ||
| 999 |
_c531127 _d531127 |
||